000 00731nam a2200181Ia 4500
008 100920s9999 xx 000 0 und d
082 _b37172
_a891.43 0
100 _aमनोहर योगी.
245 _aविश्व आदर्श योगेश्वर गोपाल कृष्ण.
260 _bयोगी मनोहर हरकरे, नागपूर.
_c0
300 _a112
_bसाधी
365 _b10
520 _aहिंदी.
630 _aविश्व आदर्श योगेश्वर गोपाल कृष्ण.
650 _aहिंदी.
730 _aविश्व आदर्श योगेश्वर गोपाल कृष्ण.
942 _cBOOK
999 _c689868
_d689865